007480000a22001930004500090001300000245018800013041001400201690002400215690002100239690003200260651003200292700003700324700002700361700003100388100003100419942001300450773007400463999001700537 aSERIADAS10aNuevos registros de peces para el Caribe colombiano de los órdenes Myctophiformes, Polymixiiformes, Gadiformes, Ophidiiformes y LophiiformessLista actualizada, revisada y comentada0 aEspañol aFauna marina993372 aIctiofauna94606 aInventarios de peces997463 4pColombialMar Caribe9927491 aSaavedra Díaz, Lina M.91006411 aAcero P., Arturo975221 aMejía M., Luz S.91006421 aRoa Varón, Adela9100643 cARTICULO1 tBoletín de Investigaciones Marinas y Costerasqp. 181-207d2007g36 c16346d16346